000 00371cam a22001217a 4500
008 180718b1966 xxu||||| |||| 00| 0 eng d
082 _aA81x54 In2/61/23/Pt7
100 _aCensus of India 1961
245 _aNagaland: handicrafts
260 _aDelhi
_bThe Manager of Publications
_c1966
300 _a62+p.
440 _aCensus of India 1961. Volume XXIII, Nagaland. Part VII
999 _c484142
_d484142